000 00599nam a2200229Ia 4500
003 OSt
005 20220918175858.0
006 a|||||r|||| 00| 0
007 ta
008 220917b |||||||| |||| 00| 0 eng d
024 _a19,437
037 _cTextual
040 _aARTS
_cARTS
_beng
041 _2eng
_aeng
082 _aO:2M60:34, F2
100 _aBarrie J M.
_955101
245 0 _aDear Brutus
_b A comedy in three acts Plays of J M Barrie
260 _c1922
650 _aENGLISH LITERATURE
942 _hO:2M60:34, F2
_cTEXL
_2CC
999 _c159354
_d159354